000 01529cad a22002535a 4500
001 L156389
008 120516s2012 xxk f 000 0 eng d
035 _a(Sirsi) u156389
041 0 _aeng
110 0 _aConstruction Information Ltd
245 0 0 _aNew Zealand national BIM survey 2012
_h[electronic resource]
260 _aAuckland
_bConstruction Information Ltd
_c2012
505 0 _aIntroduction -- Executive summary -- Next steps -- BIM Survey -- CAD usage -- Building Information Modelling -- Respondents own thoughts -- Survey respondents' details -- Survey respondents' organisations -- BIM and on-line consenting -- Can new technologies revolutionise NZ's building landscape? -- Towards collaboration -- Working for the sector
520 _aThe on-line survey was carried out by Masterspec in association with NBS (UK) and was live between November and December 2011. The total of 524 respondents surpassed the response to an identical survey conducted in late 2010 in the UK. This indicates that the topic is both current and of real interest to the New Zealand construction industry.
590 _aKA NTK
650 _aBUILDING INFORMATION MODELLING
650 2 4 _aBIM
_96219
651 4 _aNew Zealand
651 4 _aUnited Kingdom
_y
651 4 _aInternational
690 _aBIM
_96219
856 4 0 _uhttps://www.standards.co.nz/touchstone/Issue+38/Building/New+Zealand+National+Building+Information+Modelling+Survey+2012+report+published.htm
_zDownload the report (pdf) at www.standards.co.nz
942 _n0
999 _c114232
_d114232